|
|
|
|
| LEADER |
00000nas a2200000 a 4500 |
| 001 |
ssj0002442 |
| 003 |
WaSeSS |
| 005 |
20200512172242.0 |
| 006 |
m d |
| 007 |
cr n |
| 008 |
000702c19699999pauqr pss 0 a0eng c |
| 010 |
|
|
|a 2004236872
|
| 015 |
|
|
|a GBB605281
|2 bnb
|
| 016 |
7 |
|
|a 016008392
|2 Uk
|
| 016 |
7 |
|
|a 2025644-9
|2 DE-600
|
| 022 |
|
|
|a 2152-4068
|l 0022-0485
|y 0022-0485
|
| 035 |
|
|
|a (WaSeSS)ssj0002442
|
| 037 |
|
|
|b Taylor & Francis, 325 Chestnut St., Suite 800, Philadelphia, PA 19106
|c $58.00 (single issue)
|c $210.00 (institution, print/online, 1 yr.)
|c $200 (institution, online, 1 yr.)
|c $70.00 (individual, 1 yr.)
|
| 040 |
|
|
|a HNK
|b eng
|e pn
|c HNK
|d OCLCQ
|d HNK
|d DLC
|d BUF
|d OCLCQ
|d EYM
|d HUL
|d NSD
|d DLC
|d OCLCQ
|d UKMGB
|d OCLCQ
|d DLC
|d OCLCQ
|d UMC
|d OCLCF
|d OCLCQ
|d DEBBG
|d NLE
|d GILDS
|d OCLCO
|d VT2
|d DLC
|d NJT
|d SFB
|d CNMTR
|d WaSeSS
|
| 042 |
|
|
|a pcc
|a nsdp
|
| 043 |
|
|
|a n-us---
|
| 050 |
0 |
0 |
|a H62.5.U5
|
| 082 |
1 |
0 |
|a 330.07
|2 14
|
| 130 |
0 |
|
|a Journal of economic education (Online)
|
| 222 |
|
4 |
|a The Journal of economic education
|b (Online)
|
| 245 |
1 |
4 |
|a The Journal of economic education
|h [electronic resource].
|
| 260 |
|
|
|a New York, N.Y. :
|b Joint Council on Economic Education,
|c ©1969-
|
| 260 |
3 |
|
|3 2010-
|a Philadelphia, PA :
|b Taylor & Francis
|
| 310 |
|
|
|a Quarterly,
|b 1983-
|
| 321 |
|
|
|a Semiannual,
|b 1969-1982
|
| 362 |
0 |
|
|a Vol. 1, no. 1 (fall 1969)-
|
| 500 |
|
|
|a Title from PDF title page (JSTOR, viewed Sept. 5, 2012).
|
| 500 |
|
|
|a Published: Washington, D.C., winter 1982-
|
| 506 |
|
|
|a License restrictions may limit access.
|
| 550 |
|
|
|a Issued by: Joint Council on Economic Education, 1969-1981; Helen Dwight Reid Educational Foundation, winter 1982-
|
| 588 |
|
|
|a Latest issue consulted: Vol. 50, no. 1 (2019) (Taylor & Francis website, viewed May 1, 2019).
|
| 650 |
|
0 |
|a Economics
|x Study and teaching
|z United States
|v Periodicals.
|
| 650 |
|
7 |
|a Economics
|x Study and teaching.
|2 fast
|0 (OCoLC)fst00902224
|
| 651 |
|
7 |
|a United States.
|2 fast
|0 (OCoLC)fst01204155
|
| 655 |
|
0 |
|a Electronic journals.
|
| 710 |
2 |
|
|a Joint Council on Economic Education.
|
| 710 |
2 |
|
|a Helen Dwight Reid Educational Foundation.
|
| 776 |
0 |
8 |
|i Print version:
|t Journal of economic education
|x 0022-0485
|w (DLC) 71011157
|w (OCoLC)1251432
|
| 850 |
|
|
|a DLC
|
| 856 |
4 |
0 |
|z Full text available from Research Library: 01/01/1997 to 10/31/2010
|u https://search.proquest.com/publication/47601
|